000 00607nam a22001697a 4500
005 20251108175737.0
008 250721s2009 xx 000 0 ara d
082 1 4 _aم/347/يوس
100 1 _aيوسف، امير فرج
245 1 0 _aنظرية الالتزامات في القانون المدني والمطبقه احكامه في كافة الدول العربية /
264 1 _aالاسكندرية :
_bمنشأة المعارف،
_c2009.
300 _a1028ص.
650 1 7 _aالقانون المدني
650 1 7 _aالالتزامات (قانون)
942 _2ddc
_cREF
999 _c141328
_d141328